000 00368nam a22001337a 4500
020 _a0471589918
082 _a657.45 MCR
100 _aMcRae T. W
_92778
245 _aStatistical Sampling for Audit and Control
260 _aLondon
_bA Wiley- Interscience Publication
_c1974
300 _axix;279p
_bill,23cm
500 _aInand cludes Reference and Index
942 _cBK
999 _c20435
_d20435